Sports Quiz

Random Sports or NFL Quiz

NFL 80+ Passer Rating Games Per Team (2000s) Quiz Stats

 Plays Quiz not verified by Sporcle

Challenge
Share
Tweet
Score 0/160 Timer 12:00
0 Plays Today
Team Player % Correct
Indianapolis ColtsPeyton Manning
97.4%
New York GiantsEli Manning
97.4%
Arizona CardinalsKurt Warner
97.3%
New York GiantsKurt Warner
97.3%
St. Louis RamsKurt Warner
97.3%
Green Bay PackersBrett Favre
96.4%
Minnesota VikingsBrett Favre
96.4%
New York JetsBrett Favre
96.4%
Baltimore RavensJoe Flacco
96.2%
Cincinnati BengalsCarson Palmer
95.4%
Green Bay PackersAaron Rodgers
95.4%
Atlanta FalconsMichael Vick
95.3%
Philadelphia EaglesMichael Vick
95.3%
New Orleans SaintsDrew Brees
95.2%
San Diego ChargersDrew Brees
95.2%
New England PatriotsTom Brady
95.2%
New York GiantsJesse Palmer
95%
Atlanta FalconsMatt Ryan
94.9%
Dallas CowboysTony Romo
94.4%
Houston TexansMatt Schaub
93.3%
San Francisco 49ersAlex Smith
93%
Cincinnati BengalsAkili Smith
92.9%
Chicago BearsJay Cutler
92.7%
Denver BroncosJay Cutler
92.7%
Philadelphia EaglesDonovan McNabb
92.7%
Carolina PanthersJake Delhomme
92.5%
New Orleans SaintsJake Delhomme
92.5%
New England PatriotsVinny Testaverde
92.2%
San Diego ChargersPhilip Rivers
91.9%
Pittsburgh SteelersBen Roethlisberger
91.4%
Baltimore RavensSteve McNair
91%
Tennessee TitansSteve McNair
91%
Seattle SeahawksMatt Hasselbeck
90.5%
Minnesota VikingsDaunte Culpepper
89.8%
Oakland RaidersDaunte Culpepper
89.8%
Kansas City ChiefsMatt Cassel
89%
New England PatriotsMatt Cassel
89%
Houston TexansDavid Carr
88.6%
New York GiantsDavid Carr
88.6%
Buffalo BillsDrew Bledsoe
88.3%
Dallas CowboysDrew Bledsoe
88.3%
New England PatriotsDrew Bledsoe
88.3%
Jacksonville JaguarsDavid Garrard
88.2%
Miami DolphinsChad Pennington
87.5%
New York JetsChad Pennington
87.5%
Buffalo BillsRob Johnson
87.5%
Minnesota VikingsBrad Johnson
87.5%
Tampa Bay BuccaneersBrad Johnson
87.5%
Washington RedskinsBrad Johnson
87.5%
Atlanta FalconsDoug Johnson
87.4%
Chicago BearsKyle Orton
86.8%
Denver BroncosKyle Orton
86.8%
New York GiantsKerry Collins
86.5%
Oakland RaidersKerry Collins
86.5%
Team Player % Correct
Tennessee TitansKerry Collins
86.5%
St. Louis RamsMarc Bulger
86.1%
Kansas City ChiefsTrent Green
85.9%
St. Louis RamsTrent Green
85.9%
Tennessee TitansVince Young
85.1%
Arizona CardinalsJake Plummer
83.7%
Denver BroncosJake Plummer
83.7%
Detroit LionsMatthew Stafford
83.4%
Cleveland BrownsJeff Garcia
83%
Philadelphia EaglesJeff Garcia
83%
San Francisco 49ersJeff Garcia
83%
Tampa Bay BuccaneersJeff Garcia
83%
Oakland RaidersRich Gannon
82.8%
Cleveland BrownsDerek Anderson
82.6%
Buffalo BillsRyan Fitzpatrick
82.2%
Cincinnati BengalsRyan Fitzpatrick
82.2%
Chicago BearsRex Grossman
82%
Cincinnati BengalsJon Kitna
81.5%
Dallas CowboysJon Kitna
81.5%
Detroit LionsJon Kitna
81.5%
Seattle SeahawksJon Kitna
81.5%
Jacksonville JaguarsMark Brunell
81.3%
Washington RedskinsMark Brunell
81.3%
Jacksonville JaguarsByron Leftwich
80.9%
Oakland RaidersJason Campbell
77.6%
Washington RedskinsJason Campbell
77.6%
Miami DolphinsChad Henne
77.2%
New Orleans SaintsAaron Brooks
77.1%
Minnesota VikingsTarvaris Jackson
76.7%
Dallas CowboysVinny Testaverde
76.7%
New York JetsVinny Testaverde
76.7%
New York JetsMark Sanchez
72.6%
Arizona CardinalsMatt Leinart
69.6%
Tampa Bay BuccaneersJosh Freeman
69.1%
Philadelphia EaglesKevin Kolb
68.2%
Pittsburgh SteelersKordell Stewart
67.4%
Detroit LionsCharlie Batch
66.9%
Pittsburgh SteelersCharlie Batch
66.9%
Buffalo BillsTrent Edwards
66.4%
Baltimore RavensTrent Dilfer
66.2%
Seattle SeahawksTrent Dilfer
66.2%
Cleveland BrownsTim Couch
66.1%
Detroit LionsJoey Harrington
65.9%
Buffalo BillsJ.P. Losman
65.4%
Baltimore RavensKyle Boller
64.5%
Oakland RaidersJaMarcus Russell
63.8%
Pittsburgh SteelersTommy Maddox
62.1%
Chicago BearsBrian Griese
61.5%
Denver BroncosBrian Griese
61.5%
Tampa Bay BuccaneersBrian Griese
61.5%
St. Louis RamsSam Bradford
60.6%
Green Bay PackersMatt Flynn
59.9%
New York JetsBrooks Bollinger
59.9%
Miami DolphinsJay Fiedler
59.8%
Team Player % Correct
Seattle SeahawksSeneca Wallace
59.4%
San Diego ChargersDoug Flutie
58.1%
Atlanta FalconsChris Chandler
56.6%
Dallas CowboysQuincy Carter
56.4%
Carolina PanthersMatt Moore
55.7%
Detroit LionsShaun Hill
51.8%
San Francisco 49ersShaun Hill
51.8%
Baltimore RavensElvis Grbac
51.1%
Kansas City ChiefsElvis Grbac
51.1%
Indianapolis ColtsJim Sorgi
48.8%
New Orleans SaintsTodd Bouman
47.8%
Philadelphia EaglesA.J. Feeley
45.5%
Houston TexansSage Rosenfels
45%
Tennessee TitansBilly Volek
44.8%
Denver BroncosGus Frerotte
42.5%
Miami DolphinsGus Frerotte
42.5%
Minnesota VikingsGus Frerotte
42.5%
Carolina PanthersChris Weinke
42.4%
Arizona CardinalsJosh McCown
41.1%
Pittsburgh SteelersAntwaan Randle El
41.1%
Washington RedskinsAntwaan Randle El
41.1%
Kansas City ChiefsTyler Thigpen
38.8%
Chicago BearsJim Miller
35.9%
Atlanta FalconsChris Redman
35.4%
Carolina PanthersSteve Beuerlein
34.5%
Washington RedskinsPatrick Ramsey
33.7%
Kansas City ChiefsDamon Huard
32.8%
Indianapolis ColtsBrock Huard
32.8%
Seattle SeahawksBrock Huard
32.8%
Houston TexansTony Banks
32.7%
Cleveland BrownsKelly Holcomb
32.4%
Arizona CardinalsJeff Blake
32.3%
New Orleans SaintsJeff Blake
32.3%
Tampa Bay BuccaneersShaun King
31.9%
San Diego ChargersJim Harbaugh
29.2%
Carolina PanthersRodney Peete
27.8%
Tennessee TitansNeil O'Donnell
25.2%
Cleveland BrownsCharlie Frye
25%
San Francisco 49ersTim Rattay
24.9%
Jacksonville JaguarsQuinn Gray
21%
New England PatriotsBrian Hoyer
20%
Cincinnati BengalsAnthony Wright
17.9%
Jacksonville JaguarsJamie Martin
16.8%
St. Louis RamsJamie Martin
16.8%
San Francisco 49ersKen Dorsey
14.4%
Green Bay PackersDoug Pederson
11.8%
San Diego ChargersLaDainian Tomlinson
11.6%
Miami DolphinsRay Lucas
10.9%
Indianapolis ColtsJoseph Addai
9.6%
Green Bay PackersCraig Nall
6.5%
Houston TexansJabar Gaffney
4.6%
Indianapolis ColtsKen Dilger
1.4%

You're not logged in!

Compare scores with friends on all Sporcle quizzes.
OR
Log In

You Might Also Like...

Show Comments

Extras

Top Quizzes Today


Score Distribution

Your Account Isn't Verified!

In order to create a playlist on Sporcle, you need to verify the email address you used during registration. Go to your Sporcle Settings to finish the process.

Report this User

Report this user for behavior that violates our Community Guidelines.

Details: